Khārij al-ḥarīm /

Saved in:

Main Author: Rihani, Ameen Fares, 1876-1940 (Author)

Format: Book

Language: Arabic

Published: Misr : al-Maktabah al-Ahlīyah, [1922].

Subjects:

Tags: Add Tag

No Tags, Be the first to tag this record!

Call Number: PJ7860 .R57 K45 1922

LEADER 00953nam a2200229Ia 4500
003 OSt
005 20231206132934.0
008 130303s1922 ua 000 f ara d
952 |0 0  |1 0  |2 lcc  |4 0  |6 PJ7860 R57 K45 01922  |7 1  |9 57295  |a ARCE  |b ARCE  |d 2023-12-06  |l 0  |o PJ7860 .R57 K45 1922  |p 1030065  |r 2023-12-06 00:00:00  |w 2023-12-06  |y BK 
999 |c 29325  |d 29325 
010 |a 74219324 
040 |c ARCE Library 
050 4 |a PJ7860 .R57 K45 1922 
100 1 |6 880-01  |a Rihani, Ameen Fares,  |d 1876-1940,  |e author 
245 1 0 |6 880-02  |a Khārij al-ḥarīm /   |c Ameen Fares Rihani. 
264 1 |a Misr :   |b al-Maktabah al-Ahlīyah,   |c [1922]. 
300 |a 137 pages ;   |c 24 cm. 
650 0 |a Arabic fiction  |y 20th century. 
880 1 |6 100-01/(3/r  |a ريحاني، أمين فارس،‪‪‪‪‪‪‪‪‪‪‪  |d 1876-1940. 
880 1 0 |6 245-02/(3/r  |a خارج الحريم   |c أمين فارس ريحاني.‪‪‪‪‪‪‪‪‪‪‪ 
901 |a reviewed 
942 |c BK  |2 lcc